The Elements of Mechanics
Αποθηκεύτηκε σε:
| Κύριος συγγραφέας: | |
|---|---|
| Μορφή: | Βιβλίο |
| Γλώσσα: | English |
| Δημοσίευση: |
New York :
Springer-Verlag,
c1983
|
| Σειρά: | Texts and monographs in physics
|
| Θέματα: | |
| Ετικέτες: |
Προσθήκη ετικέτας
Δεν υπάρχουν, Καταχωρήστε ετικέτα πρώτοι!
|
MARC
| LEADER | 00000nam a2200000 i 4500 | ||
|---|---|---|---|
| 001 | 1/29778 | ||
| 008 | 941103s1983 eng d | ||
| 020 | |a 0-387-11753-9 | ||
| 035 | |a 1991 |c ΒΕΛΓΑΚΗΣ |l 10038402 | ||
| 040 | |a GR-MY-UA |b gre |e aacr | ||
| 041 | 0 | |a eng | |
| 082 | 0 | |a 531. | |
| 100 | 1 | |a Gallavotti, Giovanni. | |
| 245 | 1 | 4 | |a The Elements of Mechanics / |c Giovanni Gallavotti |
| 260 | |a New York : |b Springer-Verlag, |c c1983 | ||
| 300 | |a 575 p.; |c 25 cm. | ||
| 490 | 1 | |a Texts and monographs in physics | |
| 500 | |a Includes bibliographical references and indexes | ||
| 650 | 0 | 0 | |a Mechanics. |
| 830 | 0 | |a Texts and monographs in physics | |
| 852 | |a INST |b SAMOS |e 19941103 |h 531 GAL |p 005300003019 |q 005300003019 |t BK |y 0 | ||
| 909 | |a Σ |b 021001 | ||